000 00753nam a22002297a 4500
005 20170124105952.0
010 _aA-943820
020 _c00.00
_a8170249813
035 _aA-943820
037 _bCen Lib/Ret
040 _aDPL
_bEN
082 _a338.4791
_bJAI
100 _aJain, Yashodhara
_990181
245 _aTourism development :
_cby Yashodhara Jain
_bproblems and prospects /
260 _aNew Delhi
_bA.P.H. Publishing Corporation
_c1998
270 _bNew Delhi
_a5, Ansari Road, Dariya Ganj
_e110002
300 _axix, 124p. ;
_c24cm(Hb)
_bill.
500 _aInclude bibliographical references and index
650 _aTourism
_990182
650 _zDevelopment and Planning
_990183
942 _2ddc
_cEN
_h338.4791
_mJAI
999 _c125368
_d125368